Indian development : (Record no. 30314)
[ view plain ]
| 000 -LEADER | |
|---|---|
| fixed length control field | 02978nam a2200361 a 4500 |
| 001 - CONTROL NUMBER | |
| control field | 30314 |
| 003 - CONTROL NUMBER IDENTIFIER | |
| rucl marc code | BD-RjUL |
| 005 - DATE AND TIME OF LATEST TRANSACTION | |
| control field | 20211209051538.0 |
| 008 - FIXED-LENGTH DATA ELEMENTS--GENERAL INFORMATION | |
| fixed length control field | 140409r20121998ii ab b 00100 eng d |
| 020 ## - INTERNATIONAL STANDARD BOOK NUMBER | |
| International Standard Book Number | 019564459X |
| International Standard Book Number | 9780195644593 |
| 035 ## - SYSTEM CONTROL NUMBER | |
| System control number | (BD-RjUL)30399 |
| 040 ## - CATALOGING SOURCE | |
| Original cataloging agency | DLC |
| Language of cataloging | eng |
| Transcribing agency | DLC |
| Modifying agency | BD-RjUL |
| 041 ## - LANGUAGE CODE | |
| Language code of text/sound track or separate title | eng |
| 082 00 - DEWEY DECIMAL CLASSIFICATION NUMBER | |
| Classification number | 338.954 |
| Edition number | 21 |
| Author mark and year | IND 2012 |
| 245 00 - TITLE STATEMENT | |
| Title | Indian development : |
| Remainder of title | selected regional perspectives / |
| Statement of responsibility, etc. | editors, Jean Dreze and Amartya Sen. |
| 260 ## - PUBLICATION, DISTRIBUTION, ETC. (IMPRINT) | |
| Place of publication, distribution, etc. | Delhi ; |
| -- | New York : |
| Name of publisher, distributor, etc. | Oxford University Press, |
| Date of publication, distribution, etc. | 1998 [Impression 2012]. |
| 300 ## - PHYSICAL DESCRIPTION | |
| Pagination | xx, 420 p. : |
| Illustrations | ill. ; |
| Size | 22 cm. |
| 490 1# - SERIES STATEMENT | |
| Series statement | UNU/WIDER studies in development economics |
| 500 ## - GENERAL NOTE | |
| General note | "A study prepared for the World Institute for Development Economics Research of the United Nations University (UNU/WIDER)." |
| 504 ## - BIBLIOGRAPHY, ETC. NOTE | |
| Bibliography, etc | Includes bibliographical references (p. 398-406) and indexes. |
| 505 0# - FORMATTED CONTENTS NOTE | |
| Formatted contents note | 1. Radical Needs and Moderate Reforms / Amartya Sen. 1. Ends, Means and Practical Reason. 2. Regional Diversities and Contrasts. 3. Intrinsic Value and Instrumental Role of Human Capabilities. 4. On Learning from Others and from India. 5. Counterproductive Regulations and Necessary Reforms. 6. India and China: Comparisons and Contrasts. 7. India's Educational Backwardness and Lessons of Kerala. 8. The Economic Handicap of Educational Backwardness. 9. The Role of Pre-reform China in its Post-reform Success. 10. Economic Development through Social Opportunity. 11. The Need for a Bigger Departure -- 2. Uttar Pradesh: The Burden of Inertia /Jean Dreze and Haris Gazdar. 1. Introduction. 2. Living Conditions in Uttar Pradesh. 3. Schooling in Uttar Pradesh: A Field Investigation. 4. Public Policy and Schooling Decisions. 5. The Burden of Inertia. 6. Concluding Remarks -- 3. Agrarian Politics and Rural Development in West Bengal / Sunil Sengupta and Haris Gazdar. |
| Formatted contents note | 1. Why Look at Rural West Bengal? 2. Political Economy of the Reform Programme. 3. Impact on Livelihoods. 4. Change and Stagnation. 5. Beyond the Agrarian Agenda -- 4. On Kerala's Development Achievements / V. K. Ramachandran. 1. Introduction. 2. Background. 3. Kerala's Health Achievements. 4. Literacy in Kerala. 5. Aspects of Caste and Gender Relations in Kerala. 6. Agrarian Change. 7. Agents of Change. 8. Conclusions -- 5. Mortality, Fertility and Gender Bias in India: A District-level Analysis / Mamta Murthi, Anne-Catherine Guio and Jean Dreze. 1. Introduction. 2. Issues and Hypotheses. 3. Data and Estimation. 4. Basic Results. 5. Further Results and Extensions. 6. Discussion. |
| 650 #0 - SUBJECT ADDED ENTRY--TOPICAL TERM | |
| Topical term or geographic name as entry element | India |
| General subdivision | Economic conditions |
| Chronological subdivision | 1947- |
| 9 (RLIN) | 92150 |
| Topical term or geographic name as entry element | India |
| General subdivision | Social conditions, |
| Chronological subdivision | 1947- |
| 9 (RLIN) | 92151 |
| 700 1# - ADDED ENTRY--PERSONAL NAME | |
| Personal name | Dreze, Jean. |
| Personal name | Sen, Amartya, |
| Dates associated with a name | 1933- |
| 710 2# - ADDED ENTRY--CORPORATE NAME | |
| Corporate name or jurisdiction name as entry element | World Institute for Development Economics Research. |
| 9 (RLIN) | 92152 |
| 830 #0 - SERIES ADDED ENTRY--UNIFORM TITLE | |
| Uniform title | Studies in development economics |
| 942 ## - ADDED ENTRY ELEMENTS (KOHA) | |
| Source of classification or shelving scheme | Dewey Decimal Classification |
| Koha item type | Books |
| Lost status | Source of classification or shelving scheme | Damaged status | Not for loan | Collection code | Permanent Location | Current Location | Shelving location | Date acquired | Source of acquisition | Cost, normal purchase price | Total Checkouts | Full call number | Date last seen | Copy number | Koha item type |
|---|---|---|---|---|---|---|---|---|---|---|---|---|---|---|---|
| Dewey Decimal Classification | Not For Loan | Non-fiction | Central Library, University of Rajshahi | Central Library, University of Rajshahi | Reading Room | 29/03/2014 | Dhaka, Trim Education | 703.00 | 338.954 IND 2012 | 09/04/2014 | C-1 | Books |